000 00609nam a22001577a 4500
003 OSt
005 20151208142450.0
008 151205b xxu||||| |||| 00| 0 eng d
040 _cRUA
082 _aFIS UN 2003 B187 Or.1
100 _94328
_aUN, VENG.
245 _aExportation of catfish fillet of lian heng trading Co, LTD, ការនាំចេញនូវត្រីប្រាហ្វីឡេទៅទីផ្សារអន្ដរជាតិរបស់ក្រុមហ៊ុន​លាន ហេង
260 _aPhnom Penh
_bRUA
_c2003
300 _a66p.
_bill.
_c29cm.
942 _2ddc
_cFIS
999 _c4041
_d4041